[Event "ONJK 2018 DE"]
[Site "Borne, Netherlands"]
[Date "2018.08.11"]
[Round "13.7"]
[White "Muntean, Felix"]
[Black "Alvares, Thomas"]
[Result "1/2-1/2"]
[WhiteElo "1310"]
[BlackElo "1046"]
[PlyCount "35"]
[EventDate "2018.??.??"]

1. e4 c5 2. c3 d6 3. d4 cxd4 4. cxd4 g6 5. Nc3 Bg7 6. Nf3 Nf6 7. Bc4 O-O 8. O-O
Nc6 9. d5 Nb4 10. a3 Na6 11. e5 dxe5 12. Nxe5 Qc7 13. Bxa6 Qxe5 14. Re1 Qd6 15.
Bc4 Bg4 16. Qb3 b6 17. Ne4 Nxe4 18. Rxe4 1/2-1/2

[Event "ONJK 2018 DE"]
[Site "Borne, Netherlands"]
[Date "2018.08.11"]
[Round "13.8"]
[White "Adema, Wessel"]
[Black "Groen, Jari"]
[Result "1/2-1/2"]
[WhiteElo "1181"]
[BlackElo "1187"]
[PlyCount "32"]
[EventDate "2018.??.??"]

1. d4 Nf6 2. c4 e6 3. Nc3 Bb4 4. Nf3 O-O 5. Bg5 c6 6. e4 Bxc3+ 7. bxc3 h6 8.
Bxf6 Qxf6 9. Bd3 d5 10. e5 Qe7 11. Nd2 dxc4 12. Nxc4 Na6 13. O-O Nc7 14. Ne3
Nd5 15. Nxd5 cxd5 16. f4 Qd8 1/2-1/2

[Event "ONJK 2018 DE"]
[Site "Borne, Netherlands"]
[Date "2018.08.11"]
[Round "13.9"]
[White "Waersegers, Brent"]
[Black "Trunz, Michelle"]
[Result "0-1"]
[WhiteElo "604"]
[BlackElo "1312"]
[PlyCount "42"]
[EventDate "2018.??.??"]

1. d4 c5 2. dxc5 e6 3. e4 Bxc5 4. Nc3 d6 5. Nf3 Nf6 6. e5 Ng4 7. Be3 Bxe3 8.
fxe3 Nxe3 9. Qd3 Nxf1 10. Rxf1 d5 11. Ng5 Qxg5 12. Rf3 Qxe5+ 13. Ne2 Qxb2 14.
Qc3 Qxc3+ 15. Rxc3 Nc6 16. O-O-O Bd7 17. Rdd3 Nb4 18. Rg3 Nxa2+ 19. Kb2 Nxc3
20. Nxc3 O-O 21. Ne2 e5 0-1

[Event "ONJK 2018 DE"]
[Site "Borne, Netherlands"]
[Date "2018.08.11"]
[Round "13.10"]
[White "Damen, Josephine"]
[Black "Kumar, Prajit Sai"]
[Result "0-1"]
[WhiteElo "706"]
[BlackElo "845"]
[PlyCount "170"]
[EventDate "2018.??.??"]

1. e4 e5 2. Nf3 Nc6 3. Bc4 Bc5 4. d3 Nge7 5. Be3 Bxe3 6. fxe3 O-O 7. Nc3 d6 8.
O-O Bg4 9. Qd2 Qd7 10. Ng5 Be6 11. Bb3 Bxb3 12. axb3 d5 13. Qf2 Rad8 14. Ne2 h6
15. Nh3 dxe4 16. dxe4 Ng6 17. Ng3 Qd2 18. Nf5 Qxf2+ 19. Rxf2 a6 20. Raf1 Nce7
21. Rf3 Nxf5 22. exf5 Ne7 23. f6 Nc6 24. fxg7 Kxg7 25. Rg3+ Kh7 26. Rf5 Rd6 27.
Rh5 Rg6 28. Nf2 Rxg3 29. hxg3 Rd8 30. g4 Kg6 31. Nh3 Rd2 32. Rf5 Rxc2 33. e4
Rxb2 34. g5 hxg5 35. Nxg5 Nd4 36. Rxe5 f6 37. Rd5 Ne2+ 38. Kh2 fxg5 39. Rd3 Nc1
40. Re3 Rxb3 41. Re1 Na2 42. e5 Kf7 43. e6+ Ke7 44. g3 Rb6 45. Re2 Nc3 46. Re3
Nb5 47. Re5 Rxe6 48. Rxg5 Kf7 49. Rd5 Re8 50. Rd7+ Ke6 51. Rh7 a5 52. Rh5 a4
53. Rxb5 a3 54. Ra5 Kd6 55. Rxa3 c5 56. Rc3 b5 57. Kg2 b4 58. Rd3+ Kc6 59. Rb3
Kb5 60. Rf3 Ka4 61. Rf7 b3 62. Ra7+ Kb4 63. Rb7+ Kc3 64. Rc7 c4 65. Rf7 b2 66.
Rf3+ Kc2 67. Rf2+ Kb1 68. Rf7 Re2+ 69. Kf3 Rd2 70. Rc7 Rc2 71. Re7 Ka2 72. Ra7+
Kb3 73. g4 b1=Q 74. Rb7+ Ka2 75. Ra7+ Kb2 76. Rb7+ Kc1 77. Rxb1+ Kxb1 78. Kf4
Rg2 79. Kf5 Rxg4 80. Kxg4 c3 81. Kf4 c2 82. Ke5 c1=Q 83. Kd4 Qf4+ 84. Kd5 Kc2
85. Kc5 Qe4 0-1

[Event "ONJK 2018 DE"]
[Site "Borne, Netherlands"]
[Date "2018.08.11"]
[Round "13.11"]
[White "Van Leeuwen, Robin"]
[Black "Mernier, Martin"]
[Result "1/2-1/2"]
[WhiteElo "1098"]
[BlackElo "1267"]
[PlyCount "82"]
[EventDate "2018.??.??"]

1. e4 e5 2. Nf3 Nc6 3. Bb5 a6 4. Ba4 b5 5. Bb3 Nf6 6. O-O Be7 7. c3 O-O 8. Re1
Bb7 9. d4 exd4 10. cxd4 Re8 11. Bf4 Bb4 12. Nbd2 Bxd2 13. Nxd2 Nxd4 14. f3 d6
15. Rc1 h6 16. Be3 Nxb3 17. Qxb3 Qd7 18. Bd4 Qe6 19. Qc3 Rac8 20. Be3 c5 21. a3
Qe5 22. Qb3 d5 23. f4 Qe6 24. e5 Nd7 25. Bf2 d4 26. Qg3 h5 27. h3 Qg6 28. Qxg6
fxg6 29. Nb3 Bd5 30. Nd2 Nb6 31. Ne4 Bxe4 32. Rxe4 Nc4 33. b3 Nd2 34. Re2 Nxb3
35. Rb1 Na5 36. a4 Rb8 37. axb5 axb5 38. Reb2 b4 39. Rc2 Nb7 40. g4 Rbd8 41.
Rc4 Ra8 1/2-1/2

[Event "ONJK 2018 DE"]
[Site "Borne, Netherlands"]
[Date "2018.08.11"]
[Round "13.12"]
[White "Mainka, Ingmar"]
[Black "Reina, Samson"]
[Result "1-0"]
[WhiteElo "1190"]
[BlackElo "773"]
[PlyCount "21"]
[EventDate "2018.??.??"]

1. e4 e5 2. Nf3 Nc6 3. d4 d5 4. Nxe5 dxe4 5. Nxc6 bxc6 6. Nc3 Nf6 7. Bg5 Bg4 8.
Bxf6 Qxf6 9. Qxg4 Qxd4 10. Rd1 Qb4 11. Qd7# 1-0

[Event "ONJK 2018 DE"]
[Site "Borne, Netherlands"]
[Date "2018.08.11"]
[Round "13.13"]
[White "Knol, Jeffrey"]
[Black "Koene, Noël"]
[Result "0-1"]
[WhiteElo "706"]
[BlackElo "535"]
[PlyCount "72"]
[EventDate "2018.??.??"]

1. e4 c5 2. Nf3 Nc6 3. Bb5 g6 4. Bxc6 bxc6 5. Nc3 Bg7 6. d3 Nf6 7. O-O Ng4 8.
Ng5 d5 9. f3 Bd4+ 10. Kh1 Nf2+ 11. Rxf2 Bxf2 12. g3 h6 13. Qe2 Bxg3 14. hxg3
hxg5+ 15. Kg1 Qc7 16. Kf2 Rh2+ 17. Ke3 d4+ 18. Kd2 Rxe2+ 19. Kxe2 dxc3 20. bxc3
Qxg3 21. Be3 g4 22. Rf1 Qg2+ 23. Rf2 gxf3+ 24. Ke1 Qg3 25. Bxc5 Rb8 26. Bb4 a5
27. a3 c5 28. Bxc5 Rb1+ 29. Kd2 Qg1 30. Ke3 Re1+ 31. Kf4 Qg4+ 32. Ke5 Qg5+ 33.
Kd4 Qf6+ 34. Kc4 Rb1 35. d4 Ba6+ 36. Kd5 Qe6# 0-1